LEADER 02757nam 22006853u 450 001 9910458563903321 005 20210107003020.0 010 $a1-61503-258-4 035 $a(CKB)2560000000051124 035 $a(EBL)3002433 035 $a(SSID)ssj0000674722 035 $a(PQKBManifestationID)11449541 035 $a(PQKBTitleCode)TC0000674722 035 $a(PQKBWorkID)10662345 035 $a(PQKB)11777253 035 $a(MiAaPQ)EBC3002433 035 $a(EXLCZ)992560000000051124 100 $a20151005d2003|||| u|| | 101 0 $aeng 135 $aur|n|---||||| 181 $ctxt 182 $cc 183 $acr 200 10$aThermal Spray 2003$b[electronic resource] $eAdvancing the Science and Applying the Technology 210 $aMaterials Park $cA S M International$d2003 215 $a1 online resource (1668 p.) 300 $aDescription based upon print version of record. 311 $a9780871707853 327 $a""Preface""; ""Editorial Committee (Reviewers) for ITSC 2003 Proceedings""; ""ITSC 2003 Organizing Committee""; ""Contents""; ""Volume 1 ""; ""Cold Spray""; ""Applications""; ""Corrosion & Wear Protective Coatings""; ""Equipment and Processes""; ""Feedstocks and Novel Materials""; ""HVOF""; ""Volume 2 ""; ""Science and Applications of Thermal Spray""; ""Sensors & Controls""; ""Testing and Characterization""; ""Thermal & Environmental Barrier Coatings""; ""Thermal Spraying of Polymers""; ""Title Index""; ""Author Index""; ""Company Index""; ""Key Word Index"" 606 $aElectronic books. -- local 606 $aMetal spraying -- Congresses 606 $aPlasma spraying -- Congresses 606 $aMetal spraying$vCongresses 606 $aPlasma spraying$vCongresses 606 $aMechanical Engineering$2HILCC 606 $aEngineering & Applied Sciences$2HILCC 606 $aIndustrial & Management Engineering$2HILCC 608 $aElectronic books. 615 4$aElectronic books. -- local. 615 4$aMetal spraying -- Congresses. 615 4$aPlasma spraying -- Congresses. 615 0$aMetal spraying 615 0$aPlasma spraying 615 7$aMechanical Engineering 615 7$aEngineering & Applied Sciences 615 7$aIndustrial & Management Engineering 676 $a671.7/34 700 $aMoreau$b C$0925080 701 $aMarple$b B$0925081 712 02$aInternational Institute of Welding 712 02$aDeutscher Verband fèur Schweisstechnik 712 02$aASM International Thermal Spray Society 712 12$aInternational Thermal Spray Conference 801 0$bAU-PeEL 801 1$bAU-PeEL 801 2$bAU-PeEL 906 $aBOOK 912 $a9910458563903321 996 $aThermal Spray 2003$92076245 997 $aUNINA LEADER 01033nam a2200301 i 4500 001 991000027559707536 005 20020509160828.0 008 980923s1946 ||| ||| | eng 035 $ab11296872-39ule_inst 035 $aPARLA200098$9ExL 040 $aDip.to Scienze Storiche Fil. e Geogr.$bita 082 0 $a189 100 1 $aCarré, Meyrick Heath$0494845 245 10$aRealists and nominalists, /$cby Meyrick H. Carré 260 $aOxford :$bOxford University Press,$c1946 300 $avi, 128 p. ;$c23 cm. 600 14$aAbelardo, Pietro 600 14$aAgostino, Aurelio$c 600 04$aTommaso :$cd'Aquino 650 04$aNominalismo 650 04$aOckham, William 650 04$aRealismo 907 $a.b11296872$b02-04-14$c01-07-02 912 $a991000027559707536 945 $aLE009 STOR.37-131$g1$i2009000007772$lle009$o-$pE0.00$q-$rl$s- $t0$u0$v0$w0$x0$y.i11463910$z01-07-02 996 $aRealists and nominalists$9531944 997 $aUNISALENTO 998 $ale009$b01-01-98$cm$da $e-$feng$gxx $h0$i1 LEADER 03561nam 22007212 450 001 9910968438403321 005 20151005020622.0 010 $a1-107-21939-6 010 $a1-282-99437-9 010 $a9786612994371 010 $a0-511-99212-2 010 $a0-511-99315-3 010 $a0-511-98933-4 010 $a0-511-98755-2 010 $a0-511-97618-6 010 $a0-511-99114-2 035 $a(CKB)2670000000069802 035 $a(EBL)647432 035 $a(OCoLC)701704316 035 $a(SSID)ssj0000471728 035 $a(PQKBManifestationID)11331975 035 $a(PQKBTitleCode)TC0000471728 035 $a(PQKBWorkID)10428258 035 $a(PQKB)10861085 035 $a(UkCbUP)CR9780511976186 035 $a(MiAaPQ)EBC647432 035 $a(Au-PeEL)EBL647432 035 $a(CaPaEBR)ebr10447585 035 $a(CaONFJC)MIL299437 035 $a(PPN)261277995 035 $a(EXLCZ)992670000000069802 100 $a20101011d2011|||| uy| 0 101 0 $aeng 135 $aur||||||||||| 181 $ctxt$2rdacontent 182 $cc$2rdamedia 183 $acr$2rdacarrier 200 10$aNon-Hermitian quantum mechanics /$fNimrod Moiseyev 205 $a1st ed. 210 1$aCambridge :$cCambridge University Press,$d2011. 215 $a1 online resource (xiii, 394 pages) $cdigital, PDF file(s) 300 $aTitle from publisher's bibliographic system (viewed on 05 Oct 2015). 311 08$a0-521-88972-3 320 $aIncludes bibliographical references and index. 327 $a1. Different formulations of quantum mechanics -- 2. Resonance phenomena in nature -- 3. Resonances from Hermitian quantum mechanics calculations -- 4. Resonances from non-Hermitian quantum mechanics calculations -- 5. Square integrable resonance wavefunctions -- 6. Bi-orthogonal product (C-product) -- 7. The properties of the non-Hermitian Hamiltonian -- 8. Non-Hermitian scattering theory -- 9. The self-orthogonality phenomenon -- 10. The point where QM branches into two formalisms. 330 $aNon-Hermitian quantum mechanics (NHQM) is an important alternative to the standard (Hermitian) formalism of quantum mechanics, enabling the solution of otherwise difficult problems. The first book to present this theory, it is useful to advanced graduate students and researchers in physics, chemistry and engineering. NHQM provides powerful numerical and analytical tools for the study of resonance phenomena - perhaps one of the most striking events in nature. It is especially useful for problems whose solutions cause extreme difficulties within the structure of a conventional Hermitian framework. NHQM has applications in a variety of fields, including optics, where the refractive index is complex; quantum field theory, where the parity-time (PT) symmetry properties of the Hamiltonian are investigated; and atomic and molecular physics and electrical engineering, where complex potentials are introduced to simplify numerical calculations. 606 $aQuantum theory$xMathematics 606 $aHermitian structures 606 $aResonance 606 $aHermitian symmetric spaces 615 0$aQuantum theory$xMathematics. 615 0$aHermitian structures. 615 0$aResonance. 615 0$aHermitian symmetric spaces. 676 $a530.12 686 $aSCI057000$2bisacsh 700 $aMoiseyev$b Nimrod$f1947-$01844199 801 0$bUkCbUP 801 1$bUkCbUP 906 $aBOOK 912 $a9910968438403321 996 $aNon-Hermitian quantum mechanics$94426481 997 $aUNINA